Música y danza: dos dominios en conjunción rítmica desde el Alea. La música desde su interdisciplinariedad con la danza, unidas a través de la improvisación in situ

में बचाया:
ग्रंथसूची विवरण
मुख्य लेखक: Reyes Segura, Enrique Alejandro (autor)
स्वरूप: पुस्तक
भाषा:स्पेनिश
प्रकाशित: Sarrebruck Académica Española 2013
संस्करण:1a. ed
विषय:
टैग: टैग जोड़ें
कोई टैग नहीं, इस रिकॉर्ड को टैग करने वाले पहले व्यक्ति बनें!

MARC

LEADER 00000cam a2200000 a 4500
001 UCE5435
003 CL-VaPUC
008 150109e20130000gw |||||||||||||||||spa|d
020 |a 9783659014307 
082 0 4 |a 781.554  |b REY  |2 21 
100 |a Reyes Segura, Enrique Alejandro  |e autor  |9 816755 
245 1 0 |a Música y danza: dos dominios en conjunción rítmica desde el Alea. La música desde su interdisciplinariedad con la danza, unidas a través de la improvisación in situ 
250 |a 1a. ed 
300 |a 232 p 
942 |c BK 
945 |d 20150109 08:57:00  |a dcastane 
260 |a Sarrebruck  |b Académica Española  |c 2013 
650 0 |a Música  |9 306269 
650 0 |a Danza  |9 328568 
650 0 |a Partituras  |9 324008 
583 |a last modification  |c 20150109 08:57:00  |k Rodrigo Vera 
999 |c 358153  |d 358151 
952 |0 0  |1 0  |3 erb  |4 0  |6 781_554000000000000_REY_2013  |7 0  |8 R  |9 466680  |a BIBEDU  |b BIBEDU  |i 5134013  |o 781.554 REY 2013  |p 5134013  |r 2023-01-12  |w 2019-11-23  |y BK_R  |z Catalogado en:20150109  |k MUS 
952 |0 0  |1 0  |3 erb  |4 0  |6 781_554000000000000_REY_2013  |7 0  |8 R  |9 466681  |a BIBEDU  |b BIBEDU  |i 5134021  |l 2  |o 781.554 REY 2013  |p 5134021  |r 2023-01-12  |s 2020-10-18  |w 2019-11-23  |y BK_R  |z Catalogado en:20150109  |k MUS 
952 |0 0  |1 0  |3 erb  |4 0  |6 781_554000000000000_REY_2013  |7 0  |8 R  |9 466682  |a BIBEDU  |b BIBEDU  |i 513403K  |o 781.554 REY 2013  |p 513403K  |r 2023-01-12  |w 2019-11-23  |y BK_R  |z Catalogado en:20150109  |k MUS